000 00853nas a2200289 4500
001 BR0905780
003 BR-BrBNA
005 20231205113742.0
007 ta
008 230509b bl.|||p| |||| 00| 00por d
040 _aBR-BrBNA
_bpor
_cBiblioteca Nacional de Agricultura
041 _a(Pt)
072 _aL40
100 1 _aFranzo, V.S.
100 1 _aArtoni, S.M.B.
100 1 _aVulcani, V.A.S.
100 1 _aBarreiro, F.R.
100 1 _aWerther, K.
100 1 _aSagula, A.
245 1 _aConsiderações biométricas do sistema respiratório de carcará (Polyborus plancus)
650 _aAVE
650 _aANATOMIA ANIMAL
650 _aAPARELHO RESPIRATÓRIO
773 0 _tCiência Rural (Brazil)
_xISSN 0103-8478
_g(Jan-Feb 2009), v. 39(1) p. 250-253
_wBR0905780
909 _a202311
_bLúcia
_c55
_dLúcia Elande
942 _2AGRIS
_n0
_cANA
999 _c205412
_d205412